[Event "Ch Europe (juniors) (under 16)"]
[Site "masterchessopen.com Rimavska Sobota (Slovakia)"]
[Round "3"]
[White "Dovliatov Sanan (AZE)"]
[Black "Kujovic Michal (SVK)"]
[Result "1-0"]
[WhiteElo "2416"]
[BlackElo "2351"]

1.e4 e5 2.Nf3 Nc6 3.Bb5 a6 4.Ba4 Nf6 5.O-O b5 6.Bb3 Be7 7.Re1 O-O 8.h3 d6 9.c3
Na5 10.Bc2 c5 11.d4 cxd4 12.cxd4 Bb7 13.d5 Nd7 14.Nc3 Qc7 15.Ne2 f5 16.exf5
Nf6 17.Nc3 b4 18.Ne4 Nxd5 19.Nfg5 Bxg5 20.Bxg5 Rxf5 21.Bh4 Qc6 22.Rc1 Qb6
23.Nxd6 Rxf2 24.Bxf2 Qxd6 25.Qh5 g6 26.Qxe5 Qxe5 27.Rxe5 Nc4 28.Rg5 Nxb2
29.Bb3 Rd8 30.Rc5 {#r} 1-0

[Event "Ch Europe (juniors) (under 16) (g)"]
[Site "masterchessopen.com Rimavska Sobota (Slovakia)"]
[Round "4"]
[White "Morkunaite Egle (LTU)"]
[Black "Sycova Miroslava (SVK)"]
[Result "1-0"]
[WhiteElo "2138"]
[BlackElo "2067"]

1.e4 e5 2.Nf3 Nc6 3.Bb5 a6 4.Ba4 Nf6 5.O-O Be7 6.Re1 b5 7.Bb3 O-O 8.c3 d6 9.h3
Na5 10.Bc2 c5 11.d4 Nd7 12.Nbd2 Bf6 13.Nf1 Bb7 14.Ne3 Nc6 15.Nf5 Qc7 16.Be3
Ne7 17.N3h4 Ng6 18.Nf3 Bc8 19.Kh1 Nb6 20.g4 Nc4 21.Bc1 cxd4 22.cxd4 Bxf5
23.gxf5 Nh4 24.Rg1 Nxf3 25.Qxf3 exd4 26.Bh6 Kh8 27.Bxg7+ Bxg7 28.f6 Rg8
29.fxg7+ Rxg7 30.Qf6 {#r} 1-0

[Event "It (cat.9)"]
[Site "masterchessopen.com Sochi (Russia)"]
[Round "0"]
[White "Maiorov Oleg (RUS)"]
[Black "Baikov Vladimir A (RUS)"]
[Result "1-0"]
[WhiteElo "2470"]
[BlackElo "2470"]

1.e4 e5 2.Nf3 Nc6 3.Bb5 a6 4.Ba4 Nf6 5.O-O Be7 6.Re1 b5 7.Bb3 d6 8.c3 O-O 9.h3
Na5 10.Bc2 c5 11.d4 Bb7 12.Nbd2 cxd4 13.cxd4 exd4 14.Nxd4 Re8 15.Nf1 Bf8
16.Ng3 g6 17.b3 Bg7 18.Bb2 d5 19.Ndf5 gxf5 20.Nxf5 dxe4 21.Qc1 Re6 22.Nxg7
Kxg7 23.Qg5+ Kf8 24.Ba3+ Ke8 25.Rad1 Qc7 26.Qg7 Bd5 27.Rxd5 Nxd5 28.Qf8+ Kd7
29.Qxf7+ {#r} 1-0

[Event "Ch Russia (juniors) (under 14)"]
[Site "masterchessopen.com Ufa (Russia)"]
[Round "5"]
[White "Yesaulkov Oleg (RUS)"]
[Black "Grischuk Alexander (RUS)"]
[Result "0-1"]
[WhiteElo "2299"]
[BlackElo "2375"]

1.e4 e5 2.Nf3 Nc6 3.Bb5 a6 4.Ba4 Nf6 5.O-O Be7 6.Re1 b5 7.Bb3 d6 8.c3 O-O 9.h3
Na5 10.Bc2 c5 11.d4 Bb7 12.Nbd2 cxd4 13.cxd4 exd4 14.Nxd4 Re8 15.Nf1 Bf8
16.Ng3 g6 17.Bd2 Nc4 18.Bc3 d5 19.b3 Na3 20.e5 Nxc2 21.Qxc2 Ne4 22.Nxe4 dxe4
23.Rad1 Qc7 24.Qd2 Rxe5 25.Ba5 Qe7 26.Nc2 Rd5 27.Qe2 Bg7 28.Qxe4 Qxe4 {#R} 0-1

[Event "Ch Iceland"]
[Site "masterchessopen.com Akureyri (Iceland)"]
[Round "11"]
[White "Stefansson Hannes (ISL)"]
[Black "Thorhallsson Gylfi (ISL)"]
[Result "1-0"]
[WhiteElo "2545"]
[BlackElo "2330"]

1.e4 e5 2.Nf3 Nc6 3.Bb5 a6 4.Ba4 Nf6 5.O-O b5 6.Bb3 Be7 7.Re1 d6 8.c3 O-O 9.h3
Na5 10.Bc2 c5 11.d4 cxd4 12.cxd4 Nc6 13.Be3 Re8 14.a3 Bd7 15.Nbd2 Rc8 16.d5
Na5 17.Bd3 Nxe4 18.Nxe4 f5 19.Nc3 e4 20.Nxe4 fxe4 21.Bxe4 Bf6 22.Qd3 h6 23.Bg6
Re7 24.Bd4 Nc4 25.Rxe7 Qxe7 26.Re1 Qf8 27.Re2 Bxd4 28.Qxd4 Bxh3 29.b3 Nxa3
30.Qb4 Bg4 31.Qxg4 {#r} 1-0

[Event "Ch World (seniors)"]
[Site "masterchessopen.com Bad Wildbad (Germany)"]
[Round "1"]
[White "Miessner Rolf (GER)"]
[Black "Caminade Christian (FRA)"]
[Result "0-1"]
[WhiteElo "1779"]
[BlackElo "2135"]

1.e4 e5 2.Nf3 Nc6 3.Bb5 a6 4.Ba4 Nf6 5.O-O Be7 6.Re1 b5 7.Bb3 d6 8.c3 O-O 9.h3
Na5 10.Bc2 c5 11.d4 Bb7 12.dxe5 dxe5 13.Qxd8 Rfxd8 14.Nbd2 Nd7 15.Nf1 f6
16.Ng3 g6 17.Bd2 Nc4 18.Bc1 Kg7 19.b3 Ncb6 20.Bb2 c4 21.b4 a5 22.a3 Ra6
23.Rad1 axb4 24.cxb4 Na4 25.Bxa4 Rxa4 26.Re3 Raa8 27.Ne2 Nf8 28.Rxd8 Rxd8
29.Nc3 Bc6 30.Re2 Ne6 31.Rd2 Nd4 32.Kf1 Nxf3 33.Rxd8 Nh2+ {#R} 0-1

[Event "It (open) \"]
[Site "masterchessopen.com Buenos Aires (Argentina)"]
[Round "1"]
[White "Gomez Pedro (ARG)"]
[Black "Van Riemsdijk Herman C (BRA)"]
[Result "0-1"]
[WhiteElo "2153"]
[BlackElo "2400"]

1.e4 e5 2.Nf3 Nc6 3.Bb5 a6 4.Ba4 Nf6 5.O-O Be7 6.Re1 b5 7.Bb3 d6 8.c3 O-O 9.h3
Na5 10.Bc2 c5 11.d3 Nc6 12.Nbd2 Re8 13.Nf1 Bf8 14.a4 b4 15.d4 h6 16.Ng3 Qc7
17.d5 Na5 18.Nh2 bxc3 19.bxc3 c4 20.f4 Rb8 21.Be3 Nb3 22.Ra2 Qa5 23.fxe5 dxe5
24.Ne2 Bc5 25.Nf1 Bd7 26.Kh2 Bg4 27.Nd2 Bxe3 28.Nxc4 Bf4+ 29.g3 Bxe2 30.Qxe2
Qxc3 31.gxf4 Nd4 {#R} 0-1

[Event "It (open) (juniors)"]
[Site "masterchessopen.com Hengelo (Netherlands)"]
[Round "7"]
[White "Dongart Dennis (DEN)"]
[Black "Jonker Fred (NED)"]
[Result "1-0"]
[WhiteElo "2115"]
[BlackElo "2117"]

1.e4 e5 2.Nf3 Nc6 3.Bb5 a6 4.Ba4 Nf6 5.O-O Be7 6.Re1 b5 7.Bb3 O-O 8.c3 d6 9.h3
Na5 10.Bc2 c5 11.d4 Nd7 12.Nbd2 cxd4 13.cxd4 Nc6 14.Nf1 exd4 15.Nxd4 Nxd4
16.Qxd4 Ne5 17.Ne3 Bxh3 18.f4 Nc6 19.Qc3 Bd7 20.Nd5 Rc8 21.Qd3 Nd4 22.Bb1 Bh4
23.Rf1 Bg4 24.Qxd4 Be2 25.b3 Rxc1 26.Rxc1 Bg3 27.Rc3 Qh4 28.Rxg3 Qxg3 29.Qf2
Qg4 30.Nc3 {#r} 1-0

[Event "It (open)"]
[Site "masterchessopen.com Jakarta (Indonesia)"]
[Round "0"]
[White "Zaw Win Lay (MYA)"]
[Black "Iuldachev Saidali (UZB)"]
[Result "1-0"]
[WhiteElo "2230"]
[BlackElo "2525"]

1.e4 e5 2.Nf3 Nc6 3.Bb5 a6 4.Ba4 Nf6 5.O-O Be7 6.Re1 b5 7.Bb3 d6 8.c3 O-O 9.h3
Na5 10.Bc2 c5 11.d4 Nc6 12.Nbd2 exd4 13.cxd4 Nd7 14.Nf1 cxd4 15.Nxd4 Nxd4
16.Qxd4 Ne5 17.Qd1 Be6 18.Ne3 Rc8 19.a4 Bf6 20.axb5 axb5 21.Ra6 Nc6 22.Bb3 Be5
23.Bxe6 fxe6 24.Ng4 Qh4 25.Be3 Nb4 26.Nxe5 Nxa6 27.Qxd6 Nc7 28.Rc1 Rfd8 29.Qe7
Qxe4 30.Rxc7 Qb1+ 31.Kh2 {#r} 1-0

[Event "It (open) (a)"]
[Site "masterchessopen.com Klatovy (Czech Republic)"]
[Round "0"]
[White "Hercik Josef (CZE)"]
[Black "Brom Jiri (CZE)"]
[Result "1-0"]
[WhiteElo "1940"]
[BlackElo "2065"]

1.e4 e5 2.Nf3 Nc6 3.Bb5 a6 4.Ba4 Nf6 5.O-O Be7 6.c3 d6 7.Re1 b5 8.Bb3 O-O 9.h3
Na5 10.Bc2 c5 11.d4 cxd4 12.cxd4 Bb7 13.d5 Rc8 14.b3 Qc7 15.Bd3 Bxd5 16.exd5
e4 17.Bd2 Nb7 18.Bxe4 Nxe4 19.Rxe4 Bf6 20.Na3 Qc5 21.Bb4 {#r} 1-0

[Event "It (open) (a)"]
[Site "masterchessopen.com Klatovy (Czech Republic)"]
[Round "0"]
[White "Szarowski Daniel (CZE)"]
[Black "Brom Jiri (CZE)"]
[Result "0-1"]
[WhiteElo "1768"]
[BlackElo "2065"]

1.e4 e5 2.Nf3 Nc6 3.Bb5 a6 4.Ba4 Nf6 5.O-O Be7 6.Re1 b5 7.Bb3 d6 8.c3 O-O 9.h3
Na5 10.Bc2 c5 11.d4 cxd4 12.cxd4 Bb7 13.Nbd2 Rc8 14.dxe5 dxe5 15.Bb1 Qc7
16.Nh2 Rfd8 17.Qf3 Bb4 18.Rd1 Qd6 19.Nhf1 Nc4 20.Qe2 Qd4 21.a3 Bc5 22.Bc2 Nxb2
23.Nb3 Qxf2+ 24.Qxf2 Bxf2+ 25.Kxf2 Rxc2+ 26.Rd2 Nxe4+ 27.Ke1 Nxd2 28.Nfxd2
Bxg2 29.Bxb2 Rxb2 30.Kd1 Rxb3 {#R} 0-1

[Event "Ch Europe (juniors) (under 16) (g)"]
[Site "masterchessopen.com Tallinn (Estonia)"]
[Round "1"]
[White "Moshina Cristina (MDA)"]
[Black "Kviatkovska Zuzana (SVK)"]
[Result "1-0"]
[WhiteElo "2115"]
[BlackElo "2018"]

1.e4 e5 2.Nf3 Nc6 3.Bb5 a6 4.Ba4 Nf6 5.O-O Be7 6.Re1 b5 7.Bb3 d6 8.c3 O-O 9.h3
Na5 10.Bc2 c5 11.d4 Nd7 12.Nbd2 cxd4 13.cxd4 Nc6 14.Nf1 exd4 15.Nxd4 Nxd4
16.Qxd4 Ne5 17.Ne3 Bxh3 18.f4 Nc6 19.Qd1 Bc8 20.Kf2 Re8 21.Rh1 Bf8 22.Nd5 Be6
23.Qd3 Rc8 24.Be3 Ne7 25.e5 Ng6 26.Bb3 Bxd5 27.Qxd5 Qe7 28.Qf3 dxe5 29.Qh5 h6
30.Qxg6 exf4 31.Bd4 Qd7 32.Rad1 Qe7 33.Kg1 {#r} 1-0

[Event "It (open) \"]
[Site "masterchessopen.com Villa Martelli (Argentina)"]
[Round "3"]
[White "Giaccio Alfredo (ARG)"]
[Black "Sorokin Maxim (RUS)"]
[Result "0-1"]
[WhiteElo "2450"]
[BlackElo "2555"]

1.e4 e5 2.Nf3 Nc6 3.Bb5 a6 4.Ba4 Nf6 5.O-O Be7 6.Re1 b5 7.Bb3 d6 8.c3 O-O 9.h3
Na5 10.Bc2 c5 11.d4 Bb7 12.Nbd2 cxd4 13.cxd4 exd4 14.Nxd4 Re8 15.b4 Nc6
16.Nxc6 Bxc6 17.Bb2 Nd7 18.Nb3 Bf6 19.Bxf6 Qxf6 20.a4 Ne5 21.Na5 Rac8 22.Bb3
bxa4 23.Bxa4 Bxa4 24.Rxa4 Rc3 25.Nb3 Nd3 26.Re2 Qe6 27.Ra3 Rec8 28.Rd2 Qxe4
29.Nc5 R8xc5 30.bxc5 Rxa3 31.cxd6 Qd4 {#R} 0-1

[Event "It (open)"]
[Site "masterchessopen.com Wuerzburg (Germany)"]
[Round "4"]
[White "Deglmann Ludwig (GER)"]
[Black "Schunk Herbert (GER)"]
[Result "1-0"]
[WhiteElo "2235"]
[BlackElo "2221"]

1.e4 e5 2.Nf3 Nc6 3.Bb5 a6 4.Ba4 Nf6 5.O-O Be7 6.Re1 b5 7.Bb3 d6 8.c3 O-O 9.h3
Na5 10.Bc2 c5 11.d4 Nd7 12.Nbd2 cxd4 13.cxd4 Nc6 14.Nf1 exd4 15.Nxd4 Nxd4
16.Qxd4 Ne5 17.f4 Nc6 18.Qf2 Bf6 19.Be3 Bxb2 20.Rad1 Bc3 21.Re2 Qf6 22.Ng3 Bb4
23.Nh5 Qe7 24.Qg3 g6 25.e5 Kh8 26.exd6 Qd8 27.Be4 {#r} 1-0

[Event "It (cat.7)"]
[Site "masterchessopen.com Budapest (Hungary)"]
[Round "12"]
[White "Sherzer Alex (USA)"]
[Black "Acs Peter (HUN)"]
[Result "0-1"]
[WhiteElo "2470"]
[BlackElo "2500"]

1.e4 e5 2.Nf3 Nc6 3.Bb5 a6 4.Ba4 Nf6 5.O-O Be7 6.Re1 b5 7.Bb3 d6 8.c3 O-O 9.h3
Na5 10.Bc2 c5 11.d4 Bb7 12.Nbd2 cxd4 13.cxd4 exd4 14.Nxd4 Re8 15.Nf1 g6 16.Ng3
Bf8 17.Bg5 Bg7 18.b3 Rc8 19.Qd2 Nc6 20.Nxc6 Rxc6 21.Rad1 Qc8 22.Bb1 Nd7 23.Re2
Nf8 24.Bh6 Bh8 25.Nf5 gxf5 26.Qg5+ Ng6 27.exf5 Rc5 28.Rxd6 Rxe2 29.fxg6 Re1+
30.Kh2 Rh1+ 31.Kxh1 Qxh3+ 32.Kg1 Rc1+ {#R} 0-1

[Event "Ch Argentina (1/2 final)"]
[Site "masterchessopen.com Buenos Aires (Argentina)"]
[Round "3"]
[White "Giaccio Alfredo (ARG)"]
[Black "Sapienza Julian (ARG)"]
[Result "1-0"]
[WhiteElo "2460"]
[BlackElo "2218"]

1.e4 e5 2.Nf3 Nc6 3.Bb5 a6 4.Ba4 Nf6 5.O-O b5 6.Bb3 Be7 7.Re1 O-O 8.h3 d6 9.c3
Na5 10.Bc2 c5 11.d4 cxd4 12.cxd4 Qc7 13.Bg5 h6 14.Bh4 Bb7 15.Nbd2 Nc6 16.Rc1
Qb6 17.Nb3 a5 18.d5 Nb4 19.Bb1 Rfc8 20.Qd2 Rxc1 21.Rxc1 Nxa2 22.Bxa2 Nxe4
23.Qe2 Bxh4 24.Nxh4 Bxd5 25.Nf5 Re8 26.Nd2 Bxa2 27.Nxe4 d5 28.Ned6 Re6 29.Rc8+
Kh7 30.Nxf7 Kg6 31.Qg4+ Kf6 32.Rf8 {#r} 1-0

[Event "Bayern Regionalliga Southeast"]
[Site "masterchessopen.com Germany"]
[Round "1"]
[White "Anka Emil (HUN)"]
[Black "Zenker Ulrich (GER)"]
[Result "0-1"]
[WhiteElo "2435"]
[BlackElo "2202"]

1.e4 e5 2.Nf3 Nc6 3.Bb5 a6 4.Ba4 Nf6 5.O-O Be7 6.Re1 b5 7.Bb3 d6 8.c3 O-O 9.h3
Na5 10.Bc2 c5 11.d4 Nd7 12.Nbd2 Nc6 13.d5 Na7 14.Nf1 Nb6 15.b3 a5 16.Ng3 Re8
17.Nf5 Bxf5 18.exf5 e4 19.Bxe4 Bf6 20.Bb2 b4 21.Qd3 c4 22.bxc4 Na4 23.Bc1 Nc5
{#R} 0-1

[Event "It (open) \"]
[Site "masterchessopen.com La Pobla de Lillet (Spain)"]
[Round "3"]
[White "Servat Roberto (ARG)"]
[Black "Bernabe Duran Francisco (ESP)"]
[Result "1-0"]
[WhiteElo "2425"]
[BlackElo "2255"]

1.e4 e5 2.Nf3 Nc6 3.Bb5 a6 4.Ba4 Nf6 5.O-O Be7 6.Re1 b5 7.Bb3 d6 8.c3 O-O 9.h3
Na5 10.Bc2 c5 11.d4 Bb7 12.d5 Nc4 13.a4 g6 14.Qe2 Nh5 15.b3 Nb6 16.axb5 axb5
17.Rxa8 Bxa8 18.Qxb5 f5 19.c4 Nd7 20.Nc3 f4 21.Bd2 h6 22.Ra1 Ndf6 23.Ra7 g5
24.Na4 g4 25.hxg4 Nxg4 26.Qd7 Qxd7 27.Rxd7 Kf7 28.b4 cxb4 29.Bxb4 Ngf6
30.Nxe5+ {#r} 1-0

[Event "It (open)"]
[Site "masterchessopen.com Passau (Germany)"]
[Round "2"]
[White "Webersberger Johann (AUT)"]
[Black "Schunk Herbert (GER)"]
[Result "0-1"]
[WhiteElo "2380"]
[BlackElo "2221"]

1.e4 e5 2.Nf3 Nc6 3.Bb5 a6 4.Ba4 Nf6 5.O-O Be7 6.Re1 b5 7.Bb3 d6 8.h3 O-O 9.c3
Na5 10.Bc2 c5 11.d3 Re8 12.Nbd2 Bf8 13.Nf1 Qc7 14.Ne3 g6 15.a4 Bb7 16.Qe2 Bg7
17.b4 cxb4 18.cxb4 Nc6 19.Rb1 Rac8 20.Bb3 Nd4 21.Nxd4 exd4 22.Ng4 Nxe4 23.dxe4
Rxe4 24.Qxe4 Bxe4 25.Rxe4 bxa4 26.Bd5 Qc2 27.Ra1 d3 {#R} 0-1

[Event "Ch Region (seniors)"]
[Site "masterchessopen.com Ruhrgebiet (Germany)"]
[Round "9"]
[White "Dreckmann Franz"]
[Black "Zrinscak Stephen (GER)"]
[Result "0-1"]
[WhiteElo "1765"]
[BlackElo "2098"]

1.e4 e5 2.Nf3 Nc6 3.Bb5 a6 4.Ba4 Nf6 5.O-O Be7 6.Re1 b5 7.Bb3 O-O 8.c3 d6 9.h3
Na5 10.Bc2 c5 11.d4 Nd7 12.b3 cxd4 13.cxd4 Nc6 14.d5 Nb4 15.Ba3 Nxc2 16.Qxc2
Bb7 17.Nbd2 Qa5 18.Bb2 Rac8 19.Qd3 f5 20.exf5 Nc5 21.Qb1 Bxd5 22.Rd1 Bb7 23.a3
Qb6 24.Ne1 Bh4 25.Ndf3 Bxf2+ 26.Kh2 Ne4 27.g4 Bg3+ {#R} 0-1

[Event "Tournament"]
[Site "masterchessopen.com Salo (Finland)"]
[Round "4"]
[White "Nokso-Koivisto Antti (FIN)"]
[Black "Topi-Hulmi Teemu (FIN)"]
[Result "1-0"]
[WhiteElo "2235"]
[BlackElo "2279"]

1.e4 e5 2.Nf3 Nc6 3.Bb5 a6 4.Ba4 Nf6 5.O-O Be7 6.Re1 b5 7.Bb3 d6 8.c3 O-O 9.h3
Na5 10.Bc2 c5 11.d4 Nc6 12.d5 Na5 13.Nbd2 g6 14.Nf1 Nh5 15.Bh6 Ng7 16.a4 f5
17.axb5 axb5 18.b4 fxe4 19.Bxe4 Bd7 20.Rxa5 Rxa5 21.bxa5 Qxa5 22.Qa1 Qb6
23.Qa2 Rb8 24.Be3 Ne8 25.Nxe5 {#r} 1-0

[Event "It (blitz)"]
[Site "masterchessopen.com Wijk aan Zee (Netherlands)"]
[Round "0"]
[White "Shirov Alexei (ESP)"]
[Black "Piket Jeroen (NED)"]
[WhiteElo "2720"]
[BlackElo "2605"]

1.e4 e5 2.Nf3 Nc6 3.Bb5 a6 4.Ba4 Nf6 5.O-O Be7 6.Re1 b5 7.Bb3 d6 8.c3 O-O 9.h3
Na5 10.Bc2 c5 11.d4 Bb7 12.Nbd2 Re8 13.Nf1 Bf8 14.Ng3 g6 15.Bg5 cxd4 16.cxd4
Rc8 17.d5 Be7 18.a3 Nc4 19.Bh6 Nd7 *

[Event "It (open)"]
[Site "masterchessopen.com Bastia (France)"]
[Round "0"]
[White "Bologan Viktor (MDA)"]
[Black "Bouchaud Vincent (FRA)"]
[Result "1-0"]
[WhiteElo "2620"]
[BlackElo "2195"]

1.e4 e5 2.Nf3 Nc6 3.Bb5 a6 4.Ba4 Nf6 5.O-O Be7 6.Re1 b5 7.Bb3 O-O 8.h3 d6 9.c3
Na5 10.Bc2 c5 11.d4 Nd7 12.Nbd2 exd4 13.cxd4 Nc6 14.Nf1 Nxd4 15.Nxd4 cxd4
16.Qxd4 Ne5 17.Qd1 Bf6 18.Ne3 Nc4 19.Nxc4 bxc4 20.Rb1 Rb8 21.b3 Be6 22.bxc4
Bxc4 23.Bb3 d5 24.Ba3 Bc3 25.Bxf8 Bxe1 26.Bc5 Qc7 27.Be3 Bxb3 28.Rxb3 Rxb3
29.axb3 d4 30.Qxd4 h6 31.Qa1 {#r} 1-0

[Event "Ch Colombia (team)"]
[Site "masterchessopen.com Colombia"]
[Round "1"]
[White "Royet Gustavo"]
[Black "Villa Brayaham"]
[Result "1-0"]
[WhiteElo "1930"]
[BlackElo "1680"]

1.e4 e5 2.Nf3 Nc6 3.Bb5 a6 4.Ba4 Nf6 5.O-O Be7 6.Re1 b5 7.Bb3 d6 8.c3 O-O 9.h3
Na5 10.Bc2 c5 11.d4 cxd4 12.cxd4 Qc7 13.b3 Bb7 14.d5 Rfe8 15.Be3 Rac8 16.Bd3
Ba8 17.Nbd2 Nb7 18.Nf1 Nc5 19.Rc1 Qa5 20.Bxc5 Rxc5 21.Rxc5 dxc5 22.Qe2 Bd6
23.Ne3 Bb7 24.a4 bxa4 25.Nc4 Qc7 26.bxa4 Nh5 27.g3 Qd7 28.Rb1 {#r} 1-0

[Event "Moravian League 1999/00 (1st)"]
[Site "masterchessopen.com Czech Republic"]
[Round "3"]
[White "Antoniewski Rafal (POL)"]
[Black "Musil Vitezslav (CZE)"]
[Result "1-0"]
[WhiteElo "2417"]
[BlackElo "2221"]

1.e4 e5 2.Nf3 Nc6 3.Bb5 a6 4.Ba4 Nf6 5.O-O Be7 6.Re1 b5 7.Bb3 O-O 8.h3 d6 9.c3
Na5 10.Bc2 c5 11.d4 Nd7 12.dxc5 dxc5 13.Nbd2 f6 14.Nf1 Nb6 15.Qe2 Be6 16.Ne3
Ra7 17.Nd2 Re8 18.a4 c4 19.axb5 axb5 20.b4 Nc6 21.Rxa7 Nxa7 22.Ndf1 Nc6 23.Rd1
Qa8 24.Nd5 Bd8 25.Qh5 Bf7 26.Qg4 Ne7 27.Nxf6+ Kh8 28.Nxe8 Bxe8 29.Qe6 Bg6
30.Bg5 Nc6 31.Bxd8 Nxd8 32.Qxb6 {#r} 1-0

[Event "It"]
[Site "masterchessopen.com Denmark"]
[Round "1"]
[White "Hansen Rasmus Agertoft (DEN)"]
[Black "Jacobsen Per Wurtz (DEN)"]
[Result "1-0"]
[WhiteElo "1930"]
[BlackElo "2043"]

1.e4 e5 2.Nf3 Nc6 3.Bb5 a6 4.Ba4 Nf6 5.O-O b5 6.Bb3 d6 7.Re1 Be7 8.c3 O-O 9.h3
Na5 10.Bc2 Re8 11.d4 exd4 12.cxd4 Bb7 13.Nbd2 Bf8 14.d5 Bc8 15.b4 Nb7 16.Nb3
g6 17.Nbd4 Bg7 18.Nc6 Qd7 19.Rb1 Nd8 20.Nfd4 Bb7 21.Nxd8 Raxd8 22.Bg5 Rc8
23.a4 c6 24.dxc6 Bxc6 25.Qf3 Nxe4 26.Bxe4 Bxd4 27.Bxc6 Rxc6 28.Rbd1 Be5 29.Bh6
Rc3 30.Qd5 Qa7 31.Rxe5 {#r} 1-0

[Event "It (open)"]
[Site "masterchessopen.com Koszalin (Poland)"]
[Round "3"]
[White "Pinski Jan (POL)"]
[Black "Romanishin Oleg M (UKR)"]
[Result "0-1"]
[WhiteElo "2444"]
[BlackElo "2567"]

1.e4 e5 2.Nf3 Nc6 3.Bb5 a6 4.Ba4 Nf6 5.O-O Be7 6.Re1 b5 7.Bb3 d6 8.c3 O-O 9.h3
Na5 10.Bc2 c5 11.d4 Nc6 12.d5 Na5 13.b3 Nb7 14.a4 Bd7 15.Na3 Qc7 16.Be3 Rfb8
17.Nd2 Qa5 18.Ndb1 g6 19.Qd2 Qd8 20.Ra2 Na5 21.b4 Nb7 22.axb5 axb5 23.Rb2 c4
24.Ra2 Ra6 25.Qc1 Rba8 26.Nd2 Nh5 27.Qb2 Bg5 28.Nf1 Bxe3 29.fxe3 Qh4 30.Re2
Ng3 31.Nxg3 Qxg3 32.Kh1 Nd8 33.Bb1 Qh4 34.Qc1 f6 {#R} 0-1

[Event "It (open) (e)"]
[Site "masterchessopen.com Krakow (Poland)"]
[Round "0"]
[White "Skrochocka Justyna (POL)"]
[Black "Kotermanska Anna (POL)"]
[Result "1-0"]
[WhiteElo "2035"]
[BlackElo "1954"]

1.e4 e5 2.Nf3 Nc6 3.Bb5 a6 4.Ba4 Nf6 5.O-O d6 6.Re1 Be7 7.c3 O-O 8.h3 b5 9.Bb3
Na5 10.Bc2 Re8 11.d4 exd4 12.cxd4 Bb7 13.b3 Nc6 14.Nbd2 Bf8 15.Bb2 g6 16.a3
Bg7 17.Nf1 Nh5 18.Qd2 Qd7 19.Rad1 Ne7 20.b4 Nc8 21.Bd3 Nb6 22.Rc1 Nf6 23.Ng3
Re7 24.d5 Rae8 25.Nd4 Qc8 26.f4 Nfd7 27.Nf3 Na4 28.Bxg7 Kxg7 29.Bb1 Nf6 30.Qd4
Nb6 31.Bd3 Qd7 32.e5 dxe5 33.fxe5 {#r} 1-0

[Event "It \"]
[Site "masterchessopen.com Philadelphia (USA)"]
[Round "4"]
[White "Shabalov Alexander (USA)"]
[Black "Segovia Javier (USA)"]
[Result "1-0"]
[WhiteElo "2566"]
[BlackElo "2142"]

1.e4 e5 2.Nf3 Nc6 3.Bb5 a6 4.Ba4 Nf6 5.O-O Be7 6.Re1 b5 7.Bb3 d6 8.c3 O-O 9.h3
Na5 10.Bc2 c5 11.d3 Rb8 12.Nbd2 Re8 13.Nf1 Bf8 14.Ng3 h6 15.d4 cxd4 16.cxd4
Qc7 17.b3 Nc6 18.Bb2 Bd7 19.Rc1 Qb6 20.Qd2 Rbd8 21.a3 Qb8 22.b4 Na7 23.Qe3 Nc6
24.Bb3 Qa8 25.dxe5 Nxe5 26.Nxe5 dxe5 27.Rc7 Be6 28.Bxe5 Nxe4 29.Nxe4 Bxb3
30.Qxb3 Rxe5 31.Nf6+ {#r} 1-0

[Event "Ch Russia (w)"]
[Site "masterchessopen.com Elista (Russia)"]
[Round "1"]
[White "Kovalevskaya Ekaterina (RUS)"]
[Black "Bezgodova-Filichkina Svetlana (RUS)"]
[Result "1-0"]
[WhiteElo "2475"]
[BlackElo "2226"]

1.e4 e5 2.Nf3 Nc6 3.Bb5 a6 4.Ba4 Nf6 5.O-O Be7 6.Re1 b5 7.Bb3 d6 8.c3 O-O 9.h3
Na5 10.Bc2 c5 11.d4 Bb7 12.d5 Nc4 13.b3 Nb6 14.a4 Nxe4 15.Bxe4 f5 16.Bd3 e4
17.c4 bxc4 18.bxc4 exf3 19.Qxf3 g6 20.Nd2 Bf6 21.Rb1 Bc8 22.Bc2 Nd7 23.Qd1 Rb8
24.Rxb8 Nxb8 25.Nf3 a5 26.Bh6 Re8 27.Bd2 Rf8 28.Bh6 Re8 29.Bd2 Rf8 30.h4 Nd7
31.Bf4 Nb6 32.Qd3 Ba6 33.Bb3 {#r} 1-0

[Event "Ch Venezuela (w)"]
[Site "masterchessopen.com Merida (Venezuela)"]
[Round "5"]
[White "Otazo Annyd (VEN)"]
[Black "Sanchez Efriris (VEN)"]
[Result "0-1"]
[WhiteElo "1953"]
[BlackElo "2075"]

1.e4 e5 2.Nf3 Nc6 3.Bb5 a6 4.Ba4 Nf6 5.O-O Be7 6.Re1 b5 7.Bb3 d6 8.h3 O-O 9.c3
Na5 10.Bc2 c5 11.d3 h6 12.Nbd2 Nh7 13.Nf1 f5 14.Ng3 f4 15.Ne2 g5 16.d4 Bf6
17.b4 cxb4 18.cxb4 Nc6 19.Bb3+ Kh8 20.Qd2 Qe7 21.Bb2 g4 22.hxg4 Bxg4 23.dxe5
dxe5 24.Nh2 h5 25.a3 Ng5 26.Nc3 f3 27.Nxg4 hxg4 28.Rad1 Rad8 29.Qe3 Qh7 30.Nd5
Rxd5 31.Bxd5 Nh3+ 32.Kf1 Nf4 33.Kg1 fxg2 34.f3 g3 {#R} 0-1

[Event "It (open)"]
[Site "masterchessopen.com Metz (France)"]
[Round "5"]
[White "Degraeve Jean-Marc (FRA)"]
[Black "Renaze Luc (FRA)"]
[Result "1-0"]
[WhiteElo "2540"]
[BlackElo "2271"]

1.e4 e5 2.Nf3 Nc6 3.Bb5 a6 4.Ba4 Nf6 5.O-O Be7 6.Re1 b5 7.Bb3 d6 8.c3 O-O 9.h3
Na5 10.Bc2 c5 11.d4 Nd7 12.dxc5 dxc5 13.Nbd2 Bb7 14.Nf1 Nc4 15.Ng3 Nd6 16.Nh2
Nf6 17.Qf3 Qd7 18.Nhf1 Qc7 19.Ne3 Nfxe4 20.Bxe4 Nxe4 21.Nxe4 g6 22.Nf6+ Kg7
23.Nfd5 Qd6 24.Nxe7 Qxe7 25.Qe2 f5 26.Nf1 e4 27.f4 Rad8 28.Be3 c4 29.Bd4+ Kf7
30.Qf2 Rg8 31.Rad1 Rd5 32.Ne3 Rd7 33.Bc5 {#r} 1-0

[Event "Ch Slovakia (team) 2000/01 (1 liga) West"]
[Site "masterchessopen.com Slovakia"]
[Round "1"]
[White "Stepanovic Branislav (SVK)"]
[Black "Eged Igor (SVK)"]
[Result "1-0"]
[WhiteElo "2020"]
[BlackElo "2131"]

1.e4 e5 2.Nf3 Nc6 3.Bb5 a6 4.Ba4 Nf6 5.O-O b5 6.Bb3 Be7 7.Re1 O-O 8.h3 d6 9.c3
Na5 10.Bc2 c5 11.d4 cxd4 12.cxd4 Qc7 13.Nc3 Bb7 14.d5 Rac8 15.Bd3 Nc4 16.Ne2
Nd7 17.Ng3 Nc5 18.Nf5 Bf6 19.b3 Nxd3 20.Qxd3 Nb6 21.Bg5 Bxg5 22.Nxg5 Qd7
23.Qg3 g6 24.Re3 Kh8 25.Nxh7 Qd8 26.Ng5 gxf5 27.Qh4+ Kg7 28.Rg3 {#r} 1-0

[Event "It (open)"]
[Site "masterchessopen.com Abudhabi (United Arab Emirates)"]
[Round "5"]
[White "Hamed Ahmed (EGY)"]
[Black "Iuldachev Saidali (UZB)"]
[Result "0-1"]
[WhiteElo "2341"]
[BlackElo "2523"]

1.e4 e5 2.Nf3 Nc6 3.Bb5 a6 4.Ba4 Nf6 5.O-O Be7 6.Re1 b5 7.Bb3 d6 8.c3 O-O 9.h3
Na5 10.Bc2 c5 11.d4 Nc6 12.Nbd2 exd4 13.cxd4 Nd7 14.Nf1 Bf6 15.Be3 Bb7 16.Ng3
g6 17.Qd2 Rc8 18.Rad1 cxd4 19.Bh6 Re8 20.Bb3 Nde5 21.Ng5 Nc4 22.Qf4 Qe7 23.Rd3
Be5 24.Qh4 Nb4 25.Rdd1 d3 26.f4 Bf6 27.Qg4 Nc2 28.Nf5 {#R} 0-1

[Event "Ch Ukraine (team)"]
[Site "masterchessopen.com Alushta (Ukraine)"]
[Round "5"]
[White "Timoshenko Georgy (UKR)"]
[Black "Savon Vladimir A (UKR)"]
[Result "1-0"]
[WhiteElo "2555"]
[BlackElo "2449"]

1.e4 e5 2.Nf3 Nc6 3.Bb5 a6 4.Ba4 Nf6 5.O-O Be7 6.Re1 b5 7.Bb3 d6 8.c3 O-O 9.h3
Na5 10.Bc2 c5 11.d4 Bb7 12.d5 Nc4 13.b3 Nb6 14.a4 Bc8 15.Be3 Ne8 16.b4 f6
17.axb5 axb5 18.Rxa8 Nxa8 19.Nbd2 Nec7 20.bxc5 dxc5 21.c4 Nb6 22.Qe2 Bd7
23.Rb1 b4 24.Ra1 Bd6 25.Ra7 Nc8 26.Ra2 Qe7 27.Qd1 Nb6 28.Qa1 Rb8 29.Ra7 Nc8
30.Ra5 Nb6 31.Ne1 Rc8 32.Nd3 Ne8 33.Ra6 Rb8 34.Qa5 {#r} 1-0